Statystyki dla QUIZ ROZPOZNAJ KRAJ PO STOLICY#3

Kliknij tutaj aby rozwiązać quiz!

Ogólne statystyki

  • Ten quiz został rozwiązany 24 razy
  • Średni wynik to 14 z 20

Statystyki odpowiedzi

STOLICAKRAJ% Poprawnych
NEW DELHIINDIE
100%
OTTAWAKANADA
100%
OSLONORWEGIA
100%
MOSKWAROSJA
100%
ANKARATURCJA
100%
UŁAN BATORMONGOLIA
95%
TALLINNESTONIA
91%
TIRANAALBANIA
86%
LIMAPERU
86%
DŻAKARTAINDONEZJA
82%
MONTEVIDEOURUGWAJ
82%
CARACASWENEZUELA
82%
ABUDŻANIGERIA
50%
MOGADISZUSOMALIA
50%
SANAJEMEN
45%
ASZCHABATTURKMENISTAN
45%
PORT MORESBYPAPUA NOWA GWINEA
32%
PORT VILAVANUATU
23%
SAO TOMEWYSPY ŚWIĘTEGO TOMASZA
18%
SUVAFIDŻI
14%

Rozkład punktacji

Percentyl według liczby udzielonych odpowiedzi

Procent ludzi z każdym wynikiem

Twoja historia wyników

Nie rozwiązałeś tego quizu